The Indian Parliament. (Record no. 77721)

MARC details
000 -LEADER
fixed length control field 00677cam a22002291 4500
001 - CONTROL NUMBER
control field sa 68001124
003 - CONTROL NUMBER IDENTIFIER
control field DLC
005 - DATE AND TIME OF LATEST TRANSACTION
control field 20260227112430.0
008 - FIXED-LENGTH DATA ELEMENTS--GENERAL INFORMATION
fixed length control field 710903s1967 ii ac 00010 eng
010 ## - LIBRARY OF CONGRESS CONTROL NUMBER
LC control number sa 68001124 //r842
025 ## - OVERSEAS ACQUISITION NUMBER
Overseas acquisition number PL480:I-E-8459
043 ## - GEOGRAPHIC AREA CODE
Geographic area code a-ii---
050 0# - LIBRARY OF CONGRESS CALL NUMBER
Classification number JQ256
Item number .A55 1967
082 ## - DEWEY DECIMAL CLASSIFICATION NUMBER
Classification number 328.54/002/02
110 10 - MAIN ENTRY--CORPORATE NAME
Corporate name or jurisdiction name as entry element India.
Subordinate unit Ministry of Information and Broadcasting.
245 14 - TITLE STATEMENT
Title The Indian Parliament.
250 ## - EDITION STATEMENT
Edition statement [Rev. ed.
260 0# - PUBLICATION, DISTRIBUTION, ETC.
Place of publication, distribution, etc. Delhi]
Name of publisher, distributor, etc. Publications Division, Ministry of Information & Broadcasting, Govt. of India
Date of publication, distribution, etc. [1967]
300 ## - PHYSICAL DESCRIPTION
Extent 68 p.
Other physical details illus., ports.
Dimensions 22 cm.
350 ## - PRICE (NR) (BK AM CF MU VM SE) [OBSOLETE]
Price Rs1.25
610 10 - SUBJECT ADDED ENTRY--CORPORATE NAME
Corporate name or jurisdiction name as entry element India.
Subordinate unit Parliament.

No items available.

Powered by Koha